[Event "EYCC Open-U16 2019"]
[Site "Bratislava"]
[Date "2019.08.08"]
[Round "7.48"]
[White "Akulov, Lev"]
[Black "Ghachava, Akaki"]
[Result "0-1"]
[WhiteElo "2068"]
[BlackElo "1777"]
[Annotator "NA"]
[PlyCount "70"]
[EventDate "2019.08.02"]
[EventType "swiss"]
[EventCountry "SVK"]
[SourceTitle "playchess.com"]
[Source "ChessBase"]
[SourceQuality "1"]
[TimeControl "40/5400+30:1800+30"]

1. e4 {[%emt 0:00:00]} c5 {[%emt 0:00:00]} 2. Nf3 {[%emt 0:00:00]} d6 {[%emt 0:00:00]} 3. d4 {[%emt 0:00:00]} cxd4 {[%emt 0:00:00]} 4. Nxd4 {[%emt 0:00:00]} Nf6 {[%emt 0:00:04]} 5. Nc3 {[%emt 0:00:00]} Nc6 {[%emt 0:00:02]} 6. f3 {[%emt 0:00:02]} e5 {[%emt 0:00:04]} 7. Nb3 {[%emt 0:01:13]} Be6 {[%emt 0:00:16]} 8. Be3 {[%emt 0:06:39]} d5 {[%emt 0:02:11]} 9. exd5 {[%emt 0:03:25]} Bxd5 {[%emt 0:00:24]} 10. Nxd5 {[%emt 0:04:40]} Nxd5 {[%emt 0:00:02]} 11. Qd2 {[%emt 0:00:48]} Nxe3 {[%emt 0:09:29]} 12. Qxe3 {[%emt 0:00:05]} Be7 {[%emt 0:00:26]} 13. c3 {[%emt 0:06:00]} O-O {[%emt 0:01:40]} 14. Rd1 {[%emt 0:01:45]} Qc7 {[%emt 0:00:56]} 15. Bd3 {[%emt 0:02:13]} Bd6 {[%emt 0:14:25]} 16. Bxh7+ {[%emt 0:05:26]} Kxh7 {[%emt 0:03:33]} 17. Qd3+ {[%emt 0:00:04]} e4 {[%emt 0:00:02]} 18. Qxd6 {[%emt 0:00:08]} Qb6 {[%emt 0:00:01]} 19. Qc5 {[%emt 0:01:02]} Qa6 {[%emt 0:01:53]} 20. Qh5+ {[%emt 0:33:54]} Kg8 {[%emt 0:00:06]} 21. Nc5 {[%emt 0:00:05]} Qb5 {[%emt 0:05:07]} 22. Rd5 {[%emt 0:06:20]} exf3 {[%emt 0:10:40]} 23. gxf3 {[%emt 0:06:57]} f5 {[%emt 0:01:26]} 24. Rg1 {[%emt 0:03:09]} Rae8+ {[%emt 0:00:32]} 25. Kf2 {[%emt 0:00:25]} Qe2+ {[%emt 0:10:01]} 26. Kg3 {[%emt 0:00:17]} Ne7 {[%emt 0:01:23]} 27. Rd4 {[%emt 0:14:03]} Qe5+ {[%emt 0:02:27]} 28. Kh3 {[%emt 0:00:06]} Qxc5 {[%emt 0:01:02]} 29. Rg5 {[%emt 0:01:30]} Qe5 {[%emt 0:16:16]} 30. Rh4 {[%emt 0:00:41]} Qf6 {[%emt 0:00:06]} 31. f4 {[%emt 0:02:58]} Rd8 {[%emt 0:00:21]} 32. Rg3 {[%emt 0:00:50]} Rd6 {[%emt 0:00:29]} 33. Kg2 {[%emt 0:00:54]} Ng6 {[%emt 0:00:14]} 34. Qh7+ {[%emt 0:00:38]} Kf7 {[%emt 0:00:05]} 35. Rh6 {[%emt 0:00:27]} Nxf4+ 0-1

[Event "EYCC Open-U16 2019"]
[Site "Bratislava"]
[Date "2019.08.09"]
[Round "8.1"]
[White "Barseghyan, Armen Ar."]
[Black "De Boer, Eelke"]
[Result "1-0"]
[WhiteElo "2313"]
[BlackElo "2279"]
[Annotator "NA"]
[PlyCount "117"]
[EventDate "2019.08.02"]
[EventType "swiss"]
[EventCountry "SVK"]
[SourceTitle "playchess.com"]
[Source "ChessBase"]
[SourceQuality "1"]
[TimeControl "40/5400+30:1800+30"]

1. Nf3 {[%emt 0:00:37]} Nf6 {[%emt 0:00:00]} 2. c4 {[%emt 0:00:09]} g6 {[%emt 0:00:00]} 3. b3 {[%emt 0:00:07]} Bg7 {[%emt 0:00:26]} 4. Bb2 {[%emt 0:00:17]} O-O {[%emt 0:00:45]} 5. g3 {[%emt 0:00:05]} c6 {[%emt 0:13:31]} 6. Bg2 {[%emt 0:01:43]} d5 {[%emt 0:00:15]} 7. O-O {[%emt 0:00:30]} Nbd7 {[%emt 0:04:15]} 8. d4 {[%emt 0:00:32]} Ne4 {[%emt 0:02:58]} 9. Nbd2 {[%emt 0:02:23]} Ndf6 {[%emt 0:04:03]} 10. a3 {[%emt 0:07:00]} Bf5 {[%emt 0:08:56]} 11. e3 {[%emt 0:05:24]} Nxd2 {[%emt 0:04:53]} 12. Nxd2 {[%emt 0:02:57]} Qd7 {[%emt 0:00:27]} 13. Re1 {[%emt 0:03:58]} Bh3 {[%emt 0:15:54]} 14. Bh1 {[%emt 0:01:38]} Rfd8 {[%emt 0:01:33]} 15. Qe2 {[%emt 0:02:11]} Rac8 {[%emt 0:01:05]} 16. Rad1 {[%emt 0:04:13]} Qf5 {[%emt 0:05:00]} 17. f3 {[%emt 0:02:05]} Qc2 {[%emt 0:05:56]} 18. Rb1 {[%emt 0:04:53]} h5 {[%emt 0:03:07]} 19. Bg2 {[%emt 0:10:52]} Bxg2 {[%emt 0:00:31]} 20. Kxg2 {[%emt 0:00:10]} Qf5 {[%emt 0:04:09]} 21. e4 {[%emt 0:01:43]} dxe4 {[%emt 0:00:43]} 22. fxe4 {[%emt 0:00:04]} Qd7 {[%emt 0:02:23]} 23. Nf3 {[%emt 0:01:15]} e6 {[%emt 0:02:09]} 24. Rf1 {[%emt 0:03:20]} Qe8 {[%emt 0:03:03]} 25. Rbd1 {[%emt 0:11:27]} Rc7 {[%emt 0:01:26]} 26. Bc1 {[%emt 0:00:58]} Nh7 {[%emt 0:01:44]} 27. e5 {[%emt 0:05:44]} Rcd7 {[%emt 0:00:45]} 28. Be3 {[%emt 0:00:50]} Qf8 {[%emt 0:01:20]} 29. c5 {[%emt 0:02:08]} Bh6 {[%emt 0:00:32]} 30. b4 {[%emt 0:02:29]} Bxe3 {[%emt 0:01:00]} 31. Qxe3 {[%emt 0:00:03]} Rd5 {[%emt 0:03:19]} 32. Rd3 {[%emt 0:02:22]} Qe7 {[%emt 0:01:18]} 33. h4 {[%emt 0:01:01]} Rf8 {[%emt 0:02:29]} 34. Qh6 {[%emt 0:01:46]} a5 {[%emt 0:02:05]} 35. g4 {[%emt 0:03:37]} hxg4 {[%emt 0:01:25]} 36. Ng5 {[%emt 0:00:03]} f5 {[%emt 0:02:22]} 37. exf6 {[%emt 0:00:22]} Rxf6 {[%emt 0:00:12]} 38. Rxf6 {[%emt 0:02:58]} Nxf6 {[%emt 0:00:10]} 39. Qxg6+ {[%emt 0:00:02]} Qg7 {[%emt 0:00:13]} 40. Qxg7+ {[%emt 0:00:00]} Kxg7 {[%emt 0:00:00]} 41. Nxe6+ {[%emt 0:00:11]} Kf7 {[%emt 0:02:10]} 42. Ng5+ {[%emt 0:06:13]} Kg6 {[%emt 0:04:40]} 43. bxa5 {[%emt 0:00:21]} Kf5 {[%emt 0:03:41]} 44. Rd1 {[%emt 0:02:23]} Nh5 {[%emt 0:03:06]} 45. Nf7 {[%emt 0:01:00]} Kf4 {[%emt 0:08:02]} 46. Rf1+ {[%emt 0:05:57]} Ke3 {[%emt 0:02:27]} 47. Nd6 {[%emt 0:01:34]} Kxd4 {[%emt 0:02:10]} 48. Nxb7 {[%emt 0:04:39]} Ke3 {[%emt 0:00:09]} 49. a6 {[%emt 0:01:51]} Rd2+ {[%emt 0:00:43]} 50. Kg1 {[%emt 0:03:15]} Nf4 {[%emt 0:00:58]} 51. Nd6 {[%emt 0:00:42]} Nh3+ {[%emt 0:01:57]} 52. Kh1 {[%emt 0:00:30]} Ra2 {[%emt 0:00:56]} 53. a7 {[%emt 0:01:28]} Rxa3 {[%emt 0:06:36]} 54. Nc4+ {[%emt 0:00:54]} Ke2 {[%emt 0:00:06]} 55. Nxa3 {[%emt 0:00:24]} Kxf1 {[%emt 0:00:08]} 56. Nc4 {[%emt 0:00:19]} g3 {[%emt 0:02:11]} 57. Ne3+ {[%emt 0:00:08]} Kf2 {[%emt 0:00:37]} 58. a8=Q {[%emt 0:00:18]} Kxe3 {[%emt 0:00:07]} 59. Kg2 {[%emt 0:00:04]} 1-0

[Event "EYCC Open-U16 2019"]
[Site "Bratislava"]
[Date "2019.08.09"]
[Round "8.2"]
[White "Malovanyi, Yulian"]
[Black "Pogosyan, Stefan"]
[Result "1/2-1/2"]
[WhiteElo "2204"]
[BlackElo "2334"]
[Annotator "NA"]
[PlyCount "79"]
[EventDate "2019.08.02"]
[EventType "swiss"]
[EventCountry "SVK"]
[SourceTitle "playchess.com"]
[Source "ChessBase"]
[SourceQuality "1"]
[TimeControl "40/5400+30:1800+30"]

1. e4 {[%emt 0:00:00]} c5 {[%emt 0:00:00]} 2. Nf3 {[%emt 0:00:00]} Nc6 {[%emt 0:00:00]} 3. c4 {[%emt 0:00:34]} Nd4 {[%emt 0:10:03]} 4. Nxd4 {[%emt 0:07:40]} cxd4 {[%emt 0:00:54]} 5. g3 {[%emt 0:01:29]} g6 {[%emt 0:02:30]} 6. Bg2 {[%emt 0:00:32]} Bg7 {[%emt 0:00:11]} 7. d3 {[%emt 0:00:57]} d6 {[%emt 0:00:16]} 8. O-O {[%emt 0:00:41]} e5 {[%emt 0:05:11]} 9. f4 {[%emt 0:10:21]} Ne7 {[%emt 0:01:20]} 10. f5 {[%emt 0:15:48]} gxf5 {[%emt 0:17:51]} 11. Qh5 {[%emt 0:18:53]} f4 {[%emt 0:06:05]} 12. gxf4 {[%emt 0:01:17]} exf4 {[%emt 0:00:32]} 13. Bxf4 {[%emt 0:00:46]} Ng6 {[%emt 0:03:54]} 14. Nd2 {[%emt 0:03:25]} Be6 {[%emt 0:05:05]} 15. Bh3 {[%emt 0:06:40]} Bxh3 {[%emt 0:11:05]} 16. Qxh3 {[%emt 0:00:13]} Be5 {[%emt 0:00:15]} 17. Bxe5 {[%emt 0:05:07]} dxe5 {[%emt 0:00:24]} 18. Kh1 {[%emt 0:06:51]} Qc8 {[%emt 0:06:56]} 19. Qh5 {[%emt 0:03:24]} Qe6 {[%emt 0:05:34]} 20. Nf3 {[%emt 0:01:19]} f6 {[%emt 0:00:57]} 21. Ng1 {[%emt 0:03:05]} O-O-O {[%emt 0:01:47]} 22. Ne2 {[%emt 0:00:10]} Rd7 {[%emt 0:04:56]} 23. Rf2 {[%emt 0:01:50]} Rf7 {[%emt 0:01:25]} 24. Raf1 {[%emt 0:02:08]} Rg8 {[%emt 0:02:07]} 25. Rf5 {[%emt 0:05:54]} Rgf8 {[%emt 0:01:47]} 26. Ng3 {[%emt 0:02:59]} Kc7 {[%emt 0:04:15]} 27. Qh6 {[%emt 0:00:26]} Nf4 {[%emt 0:04:42]} 28. R1xf4 {[%emt 0:00:37]} exf4 {[%emt 0:00:05]} 29. Qxf4+ {[%emt 0:00:14]} Kb6 {[%emt 0:00:08]} 30. Rb5+ {[%emt 0:00:36]} Ka6 {[%emt 0:00:23]} 31. Nf5 {[%emt 0:00:54]} Rd7 {[%emt 0:00:39]} 32. b4 {[%emt 0:00:34]} b6 {[%emt 0:00:55]} 33. a4 {[%emt 0:00:19]} Qe8 {[%emt 0:02:05]} 34. Nd6 {[%emt 0:00:39]} Qg6 {[%emt 0:00:36]} 35. Rd5 {[%emt 0:00:34]} Rg8 {[%emt 0:01:03]} 36. b5+ {[%emt 0:00:31]} Ka5 {[%emt 0:00:04]} 37. Qd2+ {[%emt 0:00:25]} Kxa4 {[%emt 0:00:06]} 38. Qa2+ {[%emt 0:00:32]} Kb4 {[%emt 0:00:06]} 39. Qb2+ {[%emt 0:00:29]} Ka4 {[%emt 0:00:06]} 40. Qa2+ {[%emt 0:00:00]} 1/2-1/2

[Event "EYCC Open-U16 2019"]
[Site "Bratislava"]
[Date "2019.08.09"]
[Round "8.3"]
[White "Van Dael, Siem"]
[Black "Dudin, Gleb"]
[Result "1-0"]
[WhiteElo "2319"]
[BlackElo "2283"]
[Annotator "TA"]
[PlyCount "71"]
[EventDate "2019.08.02"]
[EventType "swiss"]
[EventCountry "SVK"]
[SourceTitle "playchess.com"]
[Source "ChessBase"]
[SourceQuality "1"]

{[%evp 14,71,28,28,25,37,70,23,38,23,24,30,21,21,26,0,61,63,79,80,83,83,114,69,106,92,104,102,100,102,102,106,113,0,0,0,0,0,109,120,405,348,392,394,408,413,411,410,409,402,407,411,425,392,466,455,441,423,824,808]} 1. e4 c6 2. d4 d5 3. Nd2 dxe4 4. Nxe4 Nf6 5. Nxf6+ exf6 6. c3 Bd6 7. Bd3 O-O 8. Qc2 Re8+ {B15: Caro-Kann: 3 Nc3: 3...g6 and 3...dxe4 4 Nxe4 Nf6 5 Nxf6+ exf6} 9. Ne2 (9. Be3 h6 10. Ne2 Na6 11. O-O Nc7 12. c4 Bg4 13. h3 Bxe2 14. Bxe2 Ne6 15. Rad1 Qc7 16. Bg4 Rad8 17. Rfe1 Bf4 18. Bxf4 Nxf4 19. Rxe8+ Rxe8 {½-½ (58) Svidler,P (2756)-Carlsen,M (2839) Porto Carras 2018}) 9... h5 10. Be3 Nd7 {White has an edge.} 11. O-O-O Nf8 12. Kb1 Be6 13. c4 Rc8 14. Nc3 a6 (14... Bb4 $11) 15. c5 $146 ({Predecessor:} 15. h3 b5 16. c5 Bb8 {1-0 (38) Alonso,S (2497)-Garcia,R (2238) Buenos Aires 2019}) 15... Bb8 16. Be4 Ba7 17. h3 b6 18. Qa4 b5 19. Qxa6 {[%mdl 64] Double Attack} b4 {[#]} 20. d5 $1 {[%cal Rd5e6]} (20. Qxa7 bxc3 21. b3 (21. bxc3 $2 Ra8 $19) 21... Bd5 $17) 20... cxd5 21. Bxd5 ({Inferior is} 21. Qxa7 bxc3 22. Bc2 (22. bxc3 $2 Ra8 $19) 22... Nd7 $17) 21... Bf5+ 22. Ka1 Qe7 23. Nb5 (23. Na4 $16) 23... Bxc5 $11 24. Bxc5 Rxc5 25. Nd6 $36 {[%mdl 2112] Double Attack. White is more active.} Rxd5 (25... Be6 $1 $11 {remains equal.} 26. Nxe8 Bxd5) 26. Rxd5 $16 Qe6 $2 {[%mdl 8192]} (26... Be4 $16) 27. Qb5 (27. Rxf5 $2 {[#] is a self mate.} Qe1+ $1 {[%mdl 512]} 28. Rxe1 Rxe1#) 27... Be4 28. Nxe8 Qxd5 29. Qxd5 Bxd5 $18 {[%mdl 4096] Endgame KRN-KBN} 30. f3 Ne6 31. Rd1 Bc6 32. Nd6 Kf8 33. Nf5 Bb7 34. Rd7 {White is clearly winning.} Bc8 35. Ra7 g6 (35... Nd8 $142 36. Nd4 Ke8) 36. Nd6 {[%mdl 64] Double Attack. Accuracy: White = 74%, Black = 42%.} 1-0

[Event "EYCC Open-U16 2019"]
[Site "Bratislava"]
[Date "2019.08.09"]
[Round "8.4"]
[White "Teclaf, Pawel"]
[Black "Juksta, Karolis"]
[Result "1/2-1/2"]
[WhiteElo "2454"]
[BlackElo "2261"]
[Annotator "ChessBase"]
[PlyCount "81"]
[EventDate "2019.08.02"]
[EventType "swiss"]
[EventCountry "SVK"]
[SourceTitle "playchess.com"]
[Source "ChessBase"]
[SourceQuality "1"]
[TimeControl "40/5400+30:1800+30"]

1. e4 {[%emt 0:00:00]} e6 {[%emt 0:00:00]} 2. d4 {[%emt 0:00:00]} d5 {[%emt 0:00:00]} 3. e5 {[%emt 0:00:00]} c5 {[%emt 0:00:00]} 4. c3 {[%emt 0:00:00]} Qb6 {[%emt 0:00:00]} 5. Nf3 {[%emt 0:00:00]} Nc6 {[%emt 0:00:00]} 6. Be2 {[%emt 0:00:09]} cxd4 {[%emt 0:00:15]} 7. cxd4 {[%emt 0:00:05]} Nh6 {[%emt 0:00:04]} 8. Bxh6 {[%emt 0:00:08]} Qxb2 {[%emt 0:00:09]} 9. Nbd2 {[%emt 0:00:02]} gxh6 {[%emt 0:00:16]} 10. Nb3 {[%emt 0:00:11]} Bg7 {[%emt 0:09:56]} 11. O-O {[%emt 0:02:42]} O-O {[%emt 0:08:29]} 12. a3 {[%emt 0:07:04]} Qc3 {[%emt 0:10:52]} 13. Rc1 {[%emt 0:04:58]} Qb2 {[%emt 0:00:13]} 14. Ra1 {[%emt 0:00:01]} Qc3 {[%emt 0:00:19]} 15. Qb1 {[%emt 0:13:21]} Na5 {[%emt 0:00:31]} 16. Nc5 {[%emt 0:15:35]} Nc4 {[%emt 0:12:17]} 17. Bxc4 {[%emt 0:09:58]} dxc4 {[%emt 0:01:16]} 18. Rc1 {[%emt 0:03:02]} Qa5 {[%emt 0:00:10]} 19. Rxc4 {[%emt 0:00:40]} b6 {[%emt 0:04:52]} 20. Ra4 {[%emt 0:02:22]} Qc3 {[%emt 0:00:26]} 21. Ne4 {[%emt 0:01:39]} Qc6 {[%emt 0:03:35]} 22. Rb4 {[%emt 0:01:07]} Bb7 {[%emt 0:03:33]} 23. Nd6 {[%emt 0:01:45]} Qd7 {[%emt 0:02:26]} 24. Nxb7 {[%emt 0:03:55]} Qxb7 {[%emt 0:00:06]} 25. a4 {[%emt 0:01:05]} Qc7 {[%emt 0:05:25]} 26. Qa2 {[%emt 0:09:00]} Rfd8 {[%emt 0:08:21]} 27. a5 {[%emt 0:02:10]} bxa5 {[%emt 0:07:19]} 28. Rb5 {[%emt 0:03:18]} Bf8 {[%emt 0:04:43]} 29. Rxa5 {[%emt 0:00:24]} Rd7 {[%emt 0:00:53]} 30. h3 {[%emt 0:02:05]} Be7 {[%emt 0:04:08]} 31. Qd2 {[%emt 0:03:50]} Kg7 {[%emt 0:00:28]} 32. Qe3 {[%emt 0:06:29]} Qb7 {[%emt 0:02:46]} 33. Nh2 {[%emt 0:02:31]} Rd5 {[%emt 0:04:03]} 34. Ng4 {[%emt 0:02:14]} Bg5 {[%emt 0:01:01]} 35. f4 {[%emt 0:01:00]} Rxa5 {[%emt 0:04:21]} 36. Rxa5 {[%emt 0:00:06]} Bh4 {[%emt 0:01:54]} 37. f5 {[%emt 0:02:49]} Qb1+ {[%emt 0:02:18]} 38. Kh2 {[%emt 0:00:01]} Bg5 {[%emt 0:00:42]} 39. Qf3 {[%emt 0:00:12]} Qxf5 {[%emt 0:00:43]} 40. Qxa8 {[%emt 0:00:00]} Qf4+ {[%emt 0:00:00]} 41. Kg1 {[%emt 0:06:06]} 1/2-1/2

[Event "EYCC Open-U16 2019"]
[Site "Bratislava"]
[Date "2019.08.09"]
[Round "8.5"]
[White "Milosevic, Milos"]
[Black "Subelj, Jan"]
[Result "0-1"]
[WhiteElo "2312"]
[BlackElo "2425"]
[Annotator "NA"]
[PlyCount "70"]
[EventDate "2019.08.02"]
[EventType "swiss"]
[EventCountry "SVK"]
[SourceTitle "playchess.com"]
[Source "ChessBase"]
[SourceQuality "1"]
[TimeControl "40/5400+30:1800+30"]

1. e4 {[%emt 0:00:00]} e5 {[%emt 0:00:00]} 2. Nf3 {[%emt 0:00:00]} Nc6 {[%emt 0:00:12]} 3. Nc3 {[%emt 0:00:00]} Nf6 {[%emt 0:00:34]} 4. Bb5 {[%emt 0:00:00]} Bb4 {[%emt 0:01:02]} 5. O-O {[%emt 0:00:03]} O-O {[%emt 0:01:01]} 6. d3 {[%emt 0:00:04]} Bxc3 {[%emt 0:00:31]} 7. bxc3 {[%emt 0:00:03]} d6 {[%emt 0:00:18]} 8. Re1 {[%emt 0:00:42]} a6 {[%emt 0:07:24]} 9. Bxc6 {[%emt 0:12:10]} bxc6 {[%emt 0:00:05]} 10. h3 {[%emt 0:03:16]} h6 {[%emt 0:10:57]} 11. Nd2 {[%emt 0:15:35]} Nd7 {[%emt 0:15:33]} 12. Nc4 {[%emt 0:10:12]} Nb6 {[%emt 0:03:52]} 13. Ne3 {[%emt 0:07:04]} f5 {[%emt 0:18:04]} 14. exf5 {[%emt 0:04:55]} Bxf5 {[%emt 0:01:26]} 15. Nxf5 {[%emt 0:00:04]} Rxf5 {[%emt 0:00:06]} 16. c4 {[%emt 0:04:51]} Qf6 {[%emt 0:01:37]} 17. Qe2 {[%emt 0:09:09]} Rf8 {[%emt 0:04:28]} 18. Rf1 {[%emt 0:04:05]} d5 {[%emt 0:00:46]} 19. cxd5 {[%emt 0:02:28]} cxd5 {[%emt 0:00:08]} 20. Ba3 {[%emt 0:03:42]} Rf7 {[%emt 0:01:32]} 21. c4 {[%emt 0:00:48]} dxc4 {[%emt 0:07:01]} 22. dxc4 {[%emt 0:00:06]} Qe6 {[%emt 0:00:08]} 23. Rac1 {[%emt 0:08:21]} Rg5 {[%emt 0:02:00]} 24. Rc3 {[%emt 0:02:18]} e4 {[%emt 0:02:31]} 25. Re1 {[%emt 0:03:29]} Rgf5 {[%emt 0:07:06]} 26. f3 {[%emt 0:05:34]} Qf6 {[%emt 0:01:29]} 27. Bb2 {[%emt 0:03:16]} Na4 {[%emt 0:00:14]} 28. Rb3 {[%emt 0:00:07]} Nxb2 {[%emt 0:00:42]} 29. Qxb2 {[%emt 0:00:25]} exf3 {[%emt 0:00:22]} 30. gxf3 {[%emt 0:00:11]} Qh4 {[%emt 0:02:51]} 31. Re8+ {[%emt 0:01:01]} Kh7 {[%emt 0:00:08]} 32. Kh2 {[%emt 0:00:43]} Rxf3 {[%emt 0:01:17]} 33. Qc2+ {[%emt 0:00:48]} g6 {[%emt 0:00:14]} 34. Rxf3 {[%emt 0:00:04]} Rxf3 {[%emt 0:00:02]} 35. Kg1 {[%emt 0:00:21]} Rg3+ {[%emt 0:00:33]} 0-1

[Event "EYCC Open-U16 2019"]
[Site "Bratislava"]
[Date "2019.08.09"]
[Round "8.6"]
[White "Tsoi, Dmitry"]
[Black "Stoyanov, Tsvetan"]
[Result "1-0"]
[WhiteElo "2314"]
[BlackElo "2387"]
[Annotator "NA"]
[PlyCount "233"]
[EventDate "2019.08.02"]
[EventType "swiss"]
[EventCountry "SVK"]
[SourceTitle "playchess.com"]
[Source "ChessBase"]
[SourceQuality "1"]
[TimeControl "40/5400+30:1800+30"]

1. f4 {[%emt 0:00:00]} d5 {[%emt 0:00:00]} 2. Nf3 {[%emt 0:00:00]} Nf6 {[%emt 0:00:00]} 3. e3 {[%emt 0:00:00]} c5 {[%emt 0:00:37]} 4. d4 {[%emt 0:00:00]} Nc6 {[%emt 0:00:13]} 5. c3 {[%emt 0:00:00]} Bf5 {[%emt 0:00:30]} 6. Be2 {[%emt 0:00:18]} e6 {[%emt 0:00:42]} 7. O-O {[%emt 0:00:06]} Be7 {[%emt 0:00:43]} 8. Ne5 {[%emt 0:00:07]} O-O {[%emt 0:01:41]} 9. g4 {[%emt 0:02:07]} Bxb1 {[%emt 0:08:38]} 10. Rxb1 {[%emt 0:01:08]} Ne4 {[%emt 0:15:55]} 11. Bf3 {[%emt 0:20:59]} f5 {[%emt 0:10:43]} 12. Nd3 {[%emt 0:09:23]} Qb6 {[%emt 0:11:34]} 13. gxf5 {[%emt 0:25:11]} exf5 {[%emt 0:05:59]} 14. dxc5 {[%emt 0:10:43]} Bxc5 {[%emt 0:04:00]} 15. Re1 {[%emt 0:01:55]} Rae8 {[%emt 0:06:48]} 16. Qc2 {[%emt 0:04:32]} Bd6 {[%emt 0:06:19]} 17. Re2 {[%emt 0:01:58]} Rf6 {[%emt 0:07:48]} 18. Bd2 {[%emt 0:00:49]} Rh6 {[%emt 0:03:29]} 19. Rd1 {[%emt 0:05:36]} Ree6 {[%emt 0:02:56]} 20. Bc1 {[%emt 0:00:17]} Reg6+ {[%emt 0:01:22]} 21. Rg2 {[%emt 0:00:13]} Rxg2+ {[%emt 0:03:04]} 22. Bxg2 {[%emt 0:00:04]} Kh8 {[%emt 0:03:51]} 23. Nf2 {[%emt 0:08:51]} Ne7 {[%emt 0:02:02]} 24. Qa4 {[%emt 0:02:59]} Bxf4 {[%emt 0:01:59]} 25. Qe8+ Ng8 26. Bxe4 {[%emt 0:04:09]} Bxh2+ {[%emt 0:00:45]} 27. Kg2 {[%emt 0:00:45]} fxe4 {[%emt 0:00:13]} 28. Rxd5 {[%emt 0:00:29]} Bc7 {[%emt 0:00:32]} 29. Nxe4 {[%emt 0:01:02]} Rh2+ {[%emt 0:01:04]} 30. Kf3 {[%emt 0:00:31]} h6 {[%emt 0:00:56]} 31. c4 {[%emt 0:00:37]} Rc2 {[%emt 0:00:29]} 32. Rb5 {[%emt 0:00:34]} Qc6 {[%emt 0:00:27]} 33. Qxc6 {[%emt 0:00:14]} bxc6 {[%emt 0:00:00]} 34. Rb7 {[%emt 0:00:00]} Be5 {[%emt 0:00:55]} 35. Bd2 {[%emt 0:00:13]} Bxb2 {[%emt 0:00:40]} 36. Ke2 {[%emt 0:00:49]} Ba1 {[%emt 0:00:31]} 37. Rxa7 {[%emt 0:00:10]} Rb2 {[%emt 0:00:25]} 38. Ra6 {[%emt 0:00:32]} h5 {[%emt 0:00:27]} 39. Kd3 {[%emt 0:00:19]} h4 {[%emt 0:00:20]} 40. Ra5 {[%emt 0:00:00]} Nh6 {[%emt 0:00:00]} 41. Bc3 {[%emt 0:10:48]} Rb1 {[%emt 0:01:17]} 42. Rh5 {[%emt 0:00:04]} Bxc3 {[%emt 0:00:38]} 43. Kxc3 {[%emt 0:00:13]} Ra1 {[%emt 0:17:24]} 44. Kb2 {[%emt 0:03:51]} Re1 {[%emt 0:00:48]} 45. Rxh4 {[%emt 0:00:08]} Rxe3 {[%emt 0:00:04]} 46. a4 {[%emt 0:00:19]} Rd3 {[%emt 0:01:17]} 47. a5 {[%emt 0:00:57]} Rd8 {[%emt 0:00:49]} 48. Kc3 {[%emt 0:00:42]} Kg8 {[%emt 0:00:39]} 49. Rh5 {[%emt 0:00:22]} Nf7 {[%emt 0:01:23]} 50. Rc5 {[%emt 0:02:42]} Ra8 {[%emt 0:00:42]} 51. Kb4 {[%emt 0:04:42]} Nd8 {[%emt 0:00:08]} 52. Nd6 {[%emt 0:00:26]} Ra6 {[%emt 0:02:32]} 53. Ka4 {[%emt 0:03:28]} Nf7 {[%emt 0:02:28]} 54. Nf5 {[%emt 0:02:40]} Nd8 {[%emt 0:00:54]} 55. Re5 {[%emt 0:00:48]} Nb7 {[%emt 0:00:25]} 56. Nd4 {[%emt 0:03:13]} Kf7 {[%emt 0:00:21]} 57. Nb3 {[%emt 0:00:46]} Kf6 {[%emt 0:01:30]} 58. Re1 {[%emt 0:00:05]} g5 {[%emt 0:00:12]} 59. Kb4 {[%emt 0:00:52]} g4 {[%emt 0:02:55]} 60. Re4 {[%emt 0:00:51]} Kf5 {[%emt 0:00:57]} 61. Re7 {[%emt 0:00:15]} Nd6 {[%emt 0:00:13]} 62. Nc5 {[%emt 0:02:52]} Ra8 {[%emt 0:00:05]} 63. Nd3 {[%emt 0:01:34]} Nxc4 {[%emt 0:01:01]} 64. Kxc4 {[%emt 0:00:07]} Rxa5 {[%emt 0:00:01]} 65. Rf7+ {[%emt 0:00:19]} Kg5 {[%emt 0:00:16]} 66. Kd4 {[%emt 0:00:16]} g3 {[%emt 0:01:04]} 67. Ke4 {[%emt 0:01:46]} Ra4+ {[%emt 0:01:04]} 68. Kf3 {[%emt 0:00:07]} Ra3 {[%emt 0:00:15]} 69. Ke2 {[%emt 0:01:00]} g2 {[%emt 0:01:51]} 70. Rg7+ {[%emt 0:00:06]} Kf6 {[%emt 0:01:32]} 71. Rg8 {[%emt 0:00:13]} Ra1 {[%emt 0:00:26]} 72. Ne1 {[%emt 0:00:12]} Ra8 {[%emt 0:00:05]} 73. Rg3 {[%emt 0:00:37]} Ra3 {[%emt 0:00:09]} 74. Nf3 {[%emt 0:00:23]} Ra2+ {[%emt 0:00:51]} 75. Nd2 {[%emt 0:00:07]} Ke5 {[%emt 0:00:12]} 76. Rxg2 {[%emt 0:00:06]} Kd4 {[%emt 0:00:16]} 77. Rg4+ {[%emt 0:00:07]} Kd5 {[%emt 0:00:08]} 78. Kd3 {[%emt 0:00:06]} Ra3+ {[%emt 0:00:02]} 79. Kc2 {[%emt 0:00:01]} Rh3 {[%emt 0:00:39]} 80. Rg5+ {[%emt 0:00:40]} Ke6 {[%emt 0:00:40]} 81. Ne4 {[%emt 0:00:08]} Re3 {[%emt 0:00:20]} 82. Nc3 {[%emt 0:00:33]} Kd6 {[%emt 0:00:16]} 83. Kb3 {[%emt 0:00:26]} Rf3 {[%emt 0:00:11]} 84. Kc4 {[%emt 0:00:12]} Rf4+ {[%emt 0:00:01]} 85. Kd3 {[%emt 0:00:01]} Rb4 {[%emt 0:00:46]} 86. Ne2 {[%emt 0:00:38]} Rb5 {[%emt 0:01:40]} 87. Rg6+ {[%emt 0:00:33]} Kc5 {[%emt 0:01:24]} 88. Nd4 {[%emt 0:00:13]} Rb6 {[%emt 0:00:00]} 89. Kc3 {[%emt 0:00:14]} Ra6 {[%emt 0:00:27]} 90. Nb3+ {[%emt 0:00:36]} Kd5 {[%emt 0:00:55]} 91. Na5 {[%emt 0:00:39]} Rb6 {[%emt 0:01:24]} 92. Rg5+ {[%emt 0:00:32]} Ke6 {[%emt 0:00:21]} 93. Rh5 {[%emt 0:00:24]} Rb5 {[%emt 0:00:33]} 94. Rh6+ Kd7 95. Nc4 {[%emt 0:01:00]} Rc5 {[%emt 0:00:17]} 96. Kd4 {[%emt 0:00:52]} Rd5+ {[%emt 0:00:03]} 97. Ke4 {[%emt 0:00:04]} Rc5 {[%emt 0:00:55]} 98. Kd4 {[%emt 0:02:18]} Rd5+ {[%emt 0:00:01]} 99. Kc3 {[%emt 0:00:00]} Rc5 {[%emt 0:00:16]} 100. Rg6 {[%emt 0:00:04]} Rh5 {[%emt 0:00:41]} 101. Nd2 {[%emt 0:01:58]} Rc5+ {[%emt 0:00:23]} 102. Kb4 {[%emt 0:00:05]} Rb5+ {[%emt 0:00:06]} 103. Kc4 {[%emt 0:00:03]} Kc7 {[%emt 0:01:06]} 104. Ne4 {[%emt 0:00:32]} Rh5 {[%emt 0:00:14]} 105. Nf6 {[%emt 0:00:22]} Rf5 {[%emt 0:00:21]} 106. Rg7+ {[%emt 0:00:09]} Kd8 {[%emt 0:02:36]} 107. Ne4 {[%emt 0:01:34]} Rd5 {[%emt 0:00:51]} 108. Nc5 {[%emt 0:00:19]} Kc8 {[%emt 0:00:16]} 109. Ne6 {[%emt 0:00:29]} Rd6 {[%emt 0:00:17]} 110. Rc7+ {[%emt 0:00:12]} Kb8 {[%emt 0:00:01]} 111. Re7 {[%emt 0:00:01]} Rd5 {[%emt 0:00:25]} 112. Nd4 {[%emt 0:00:07]} Rd6 {[%emt 0:00:09]} 113. Kc5 {[%emt 0:00:07]} Rd5+ {[%emt 0:01:27]} 114. Kb6 {[%emt 0:00:05]} Kc8 {[%emt 0:00:05]} 115. Ne6 {[%emt 0:00:28]} Re5 {[%emt 0:01:12]} 116. Rc7+ {[%emt 0:00:33]} Kb8 {[%emt 0:00:01]} 117. Nd4 {[%emt 0:00:01]} 1-0